[Event "Titled Tuesday 2023.06.13 Late"]
[Site "chess.com INT"]
[Date "2023.06.13"]
[Round "2"]
[White "Rodrigue-Lemieux, Shawn"]
[Black "Martinez Martin, D."]
[Result "1-0"]
[WhiteElo "2469"]
[BlackElo "2385"]
[PlyCount "57"]
[EventDate "2023.06.13"]
[EventType "swiss (blitz)"]
[EventRounds "11"]
[EventCountry "NET"]
[Source "Mark Crowther"]
[SourceDate "2023.06.19"]

1. a3 g6 2. h4 Nf6 3. d3 d5 4. Nc3 Bg7 5. Bg5 h6 6. Bxf6 Bxf6 7. d4 O-O 8. Qd2
h5 9. O-O-O Nc6 10. Nf3 Bg4 11. e3 a6 12. Be2 b5 13. Ng5 Bxe2 14. Nxe2 b4 15.
a4 b3 16. cxb3 Rb8 17. Kb1 Rxb3 18. Rc1 Nb4 19. Nc3 Qb8 20. Qd1 Nd3 21. Kc2
Nxb2 22. Qf3 Nc4 23. Qxd5 Rb2+ 24. Kd3 Qb3 25. Nge4 Rb8 26. Qxc4 Qxc4+ 27. Kxc4
c5 28. Nxf6+ exf6 29. dxc5 1-0

[Event "Transnational Rapid"]
[Site "Toronto CAN"]
[Date "2023.06.03"]
[Round "1.2"]
[White "Bruzon Batista, L."]
[Black "Rodrigue-Lemieux, Shawn"]
[Result "1-0"]
[WhiteElo "2617"]
[BlackElo "2469"]
[PlyCount "93"]
[EventDate "2023.06.03"]
[EventType "swiss (rapid)"]
[EventRounds "11"]
[EventCountry "CAN"]
[Source "Mark Crowther"]
[SourceDate "2023.06.12"]

1. e4 c6 2. d4 d5 3. e5 Bf5 4. Be3 e6 5. Nd2 Nd7 6. Be2 c5 7. Ngf3 Rc8 8. c4
Ne7 9. O-O dxc4 10. Nxc4 Nd5 11. Bg5 f6 12. exf6 gxf6 13. Bd2 Be7 14. Nh4 Bg6
15. Bh6 Kf7 16. Rc1 N7b6 17. Re1 Nxc4 18. Bxc4 Qd6 19. g3 Rhd8 20. Nxg6 hxg6
21. dxc5 Rxc5 22. Qe2 Rdc8 23. Bb3 f5 24. Rcd1 Bf6 25. h4 a5 26. Be3 R5c6 27.
h5 Rh8 28. hxg6+ Kxg6 29. Qf3 Qb4 30. Bxd5 exd5 31. Bf4 d4 32. g4 Qb5 33. a4
Qc4 34. gxf5+ Kf7 35. Rc1 Rg8+ 36. Kh2 Rh8+ 37. Kg2 Qa2 38. Rxc6 bxc6 39. Qxc6
Rd8 40. Qb7+ Kg8 41. Re6 Rf8 42. Be5 Rf7 43. Qc8+ Rf8 44. Qd7 Qb1 45. Bxf6 Rxf6
46. Re8+ Rf8 47. Qe6+ 1-0

[Event "Transnational Rapid"]
[Site "Toronto CAN"]
[Date "2023.06.04"]
[Round "5.4"]
[White "Meshkovs, Nikita"]
[Black "Rodrigue-Lemieux, Shawn"]
[Result "1/2-1/2"]
[WhiteElo "2573"]
[BlackElo "2469"]
[PlyCount "172"]
[EventDate "2023.06.03"]
[EventType "swiss (rapid)"]
[EventRounds "11"]
[EventCountry "CAN"]
[Source "Mark Crowther"]
[SourceDate "2023.06.12"]

1. d4 Nf6 2. Bg5 e6 3. Nd2 c5 4. e3 Nc6 5. Ngf3 d5 6. c3 Be7 7. Bd3 O-O 8. O-O
Qc7 9. dxc5 Bxc5 10. e4 Ng4 11. exd5 exd5 12. Bh4 Bd6 13. Bg3 Bxg3 14. hxg3 Qd6
15. Re1 Qh6 16. Nf1 Be6 17. Qd2 Rad8 18. Ng5 Nce5 19. Bxh7+ Kh8 20. Bc2 Bc8 21.
Nf3 Qh5 22. Nxe5 Nxe5 23. Qf4 Rfe8 24. Rad1 Re6 25. Qh4 Qxh4 26. gxh4 Nc6 27.
Bb3 Rxe1 28. Rxe1 Be6 29. Ng3 d4 30. Bxe6 fxe6 31. Rxe6 d3 32. Re1 Ne5 33. b3
Ng6 34. Nf5 Nf4 35. Nd4 Rc8 36. g3 Rxc3 37. Rd1 Ne2+ 38. Nxe2 dxe2 39. Re1 Rc2
40. a4 Rb2 41. Kg2 Kh7 42. f3 a5 43. Kf2 Rxb3 44. Rxe2 Rb4 45. Re4 b5 46. axb5
Rxb5 47. Re6 Rb2+ 48. Ke3 Rb3+ 49. Kf4 Rb4+ 50. Kg5 Rb5+ 51. Kg4 g6 52. Ra6 Kg7
53. Kf4 Rb4+ 54. Ke3 Rb3+ 55. Kf2 Rb2+ 56. Ke3 Rb3+ 57. Kf4 Rb4+ 58. Kg5 Rb5+
59. Kg4 Rb4+ 60. Kh3 a4 61. g4 Rc4 62. Kg3 Rb4 63. g5 Rc4 64. f4 Rc3+ 65. Kg4
Rc4 66. Ra7+ Kg8 67. Kf3 Rb4 68. Ra5 Kg7 69. Kg3 Rb3+ 70. Kg4 Rb4 71. Ra7+ Kg8
72. Ra6 Kg7 73. Rf6 Rb1 74. Ra6 Rb4 75. Rc6 Rd4 76. Rb6 Rc4 77. Kf3 Rc3+ 78.
Ke4 Rc4+ 79. Ke5 Rc5+ 80. Ke6 Rf5 81. Rb7+ Kg8 82. Rb4 a3 83. h5 a2 84. Ra4
Rxf4 85. Ra8+ Rf8 86. Rxa2 gxh5 1/2-1/2

[Event "Transnational Rapid"]
[Site "Toronto CAN"]
[Date "2023.06.04"]
[Round "6.5"]
[White "Rodrigue-Lemieux, Shawn"]
[Black "Bartel, Mat"]
[Result "1-0"]
[WhiteElo "2469"]
[BlackElo "2609"]
[PlyCount "123"]
[EventDate "2023.06.03"]
[EventType "swiss (rapid)"]
[EventRounds "11"]
[EventCountry "CAN"]
[Source "Mark Crowther"]
[SourceDate "2023.06.12"]

1. c4 e5 2. g3 d6 3. Nc3 g6 4. Bg2 Bg7 5. e4 Nc6 6. Nge2 h5 7. h3 Be6 8. d3 f5
9. Nd5 Qd7 10. Bg5 Nd8 11. Qd2 Nf7 12. Be3 c6 13. Ndc3 Nf6 14. b3 h4 15. d4
hxg3 16. d5 f4 17. dxe6 Qxe6 18. fxg3 fxe3 19. Qxe3 Bh6 20. Qd3 Nd7 21. h4 Nc5
22. Qf3 Rf8 23. Bh3 Qe7 24. O-O Ng5 25. Qg4 Nxh3+ 26. Qxh3 Qe6 27. Rxf8+ Kxf8
28. Kg2 Qxh3+ 29. Kxh3 Ke7 30. g4 Be3 31. Rf1 Ne6 32. g5 a6 33. Kg4 b5 34. Rf6
Rg8 35. cxb5 axb5 36. b4 Bd2 37. a3 Nf8 38. Rf1 Ne6 39. Rd1 Be3 40. a4 bxa4 41.
b5 Nd4 42. bxc6 Nxe2 43. Nxe2 Rc8 44. Nc3 Bd4 45. Nd5+ Kd8 46. c7+ Kd7 47. Rd3
Ra8 48. Ra3 Bc5 49. Ra2 a3 50. h5 gxh5+ 51. Kxh5 Rh8+ 52. Kg4 Rh1 53. g6 Rg1+
54. Kf5 Rf1+ 55. Kg5 Rg1+ 56. Kf6 Rf1+ 57. Kg7 Rg1 58. Kf7 Rf1+ 59. Kg8 Rf2 60.
Rxf2 Bxf2 61. g7 a2 62. Kf7 1-0

[Event "Transnational Rapid"]
[Site "Toronto CAN"]
[Date "2023.06.04"]
[Round "8.3"]
[White "Rodrigue-Lemieux, Shawn"]
[Black "Matviishen, Viktor"]
[Result "1-0"]
[WhiteElo "2469"]
[BlackElo "2538"]
[PlyCount "55"]
[EventDate "2023.06.03"]
[EventType "swiss (rapid)"]
[EventRounds "11"]
[EventCountry "CAN"]
[Source "Mark Crowther"]
[SourceDate "2023.06.12"]

1. e4 c5 2. Nf3 d6 3. Bb5+ Bd7 4. Bxd7+ Qxd7 5. c4 e5 6. Nc3 Nc6 7. d3 g6 8. a3
Bg7 9. b4 cxb4 10. axb4 Nxb4 11. Ba3 Nc6 12. Nb5 Bf8 13. d4 a6 14. Nc3 exd4 15.
Nd5 Qd8 16. O-O Nf6 17. Re1 Nd7 18. Rb1 Rb8 19. Nxd4 Nce5 20. Qa4 Be7 21. f4
Nd3 22. Re3 N3c5 23. Bxc5 dxc5 24. Nf5 gxf5 25. exf5 Kf8 26. Rxe7 Nf6 27. Qa1
Nxd5 28. Rexb7 1-0

[Event "Transnational Rapid"]
[Site "Toronto CAN"]
[Date "2023.06.04"]
[Round "9.2"]
[White "Liang, Awonder"]
[Black "Rodrigue-Lemieux, Shawn"]
[Result "1-0"]
[WhiteElo "2651"]
[BlackElo "2469"]
[PlyCount "65"]
[EventDate "2023.06.03"]
[EventType "swiss (rapid)"]
[EventRounds "11"]
[EventCountry "CAN"]
[Source "Mark Crowther"]
[SourceDate "2023.06.12"]

1. h4 e5 2. c4 c6 3. d4 d6 4. Nc3 Nf6 5. e4 Be7 6. Nf3 Qc7 7. h5 h6 8. Be2 Na6
9. Be3 Bg4 10. Nh4 Bd7 11. g4 Nh7 12. f4 exf4 13. Bxf4 Bg5 14. Bg3 O-O 15. c5
Be7 16. Bc4 Qc8 17. Ng6 Re8 18. Nxe7+ Rxe7 19. Bxd6 Bxg4 20. Qb3 Rd7 21. Rg1
Bxh5 22. Ne2 Ng5 23. Nf4 Qe8 24. e5 b5 25. Bd3 Bf3 26. Bf5 Rad8 27. Rxg5 hxg5
28. Qxf3 gxf4 29. O-O-O g6 30. Rh1 f6 31. Qh3 gxf5 32. Qh8+ Kf7 33. Qxf6+ 1-0

[Event "Transnational Rapid"]
[Site "Toronto CAN"]
[Date "2023.06.04"]
[Round "10.4"]
[White "Rodrigue-Lemieux, Shawn"]
[Black "Neiksans, A."]
[Result "1-0"]
[WhiteElo "2469"]
[BlackElo "2605"]
[PlyCount "73"]
[EventDate "2023.06.03"]
[EventType "swiss (rapid)"]
[EventRounds "11"]
[EventCountry "CAN"]
[Source "Mark Crowther"]
[SourceDate "2023.06.12"]

1. e4 c5 2. Nf3 e6 3. d4 cxd4 4. Nxd4 a6 5. c4 Nf6 6. Nc3 Qc7 7. Be2 Bb4 8. f3
Nc6 9. Be3 d5 10. cxd5 exd5 11. Nxc6 Qxc6 12. Rc1 dxe4 13. O-O Bc5 14. Bxc5
Qxc5+ 15. Kh1 O-O 16. Nxe4 Qe5 17. Qd6 Qxb2 18. Bc4 b5 19. Rb1 Qc2 20. Bb3 Qe2
21. Rbe1 Qb2 22. Rf2 Nxe4 23. Bxf7+ Kxf7 24. Qd5+ Be6 25. Qb7+ Kg8 26. Rxb2 Nc5
27. Qb6 Rac8 28. Rxe6 Na4 29. Qf2 Rc1+ 30. Re1 Rxe1+ 31. Qxe1 Nxb2 32. Qe6+ Kh8
33. Qxa6 b4 34. Qd6 Rc8 35. h3 h6 36. Qxb4 Rc2 37. Qf8+ 1-0

[Event "Transnational Rapid"]
[Site "Toronto CAN"]
[Date "2023.06.04"]
[Round "11.2"]
[White "Cruz, Cr"]
[Black "Rodrigue-Lemieux, Shawn"]
[Result "0-1"]
[WhiteElo "2522"]
[BlackElo "2469"]
[PlyCount "102"]
[EventDate "2023.06.03"]
[EventType "swiss (rapid)"]
[EventRounds "11"]
[EventCountry "CAN"]
[Source "Mark Crowther"]
[SourceDate "2023.06.12"]

1. d4 Nf6 2. c4 e6 3. Nf3 d5 4. Nc3 Bb4 5. Bg5 h6 6. Bxf6 Qxf6 7. Qa4+ Nc6 8.
e3 O-O 9. Rc1 Qg6 10. Qc2 Qxc2 11. Rxc2 Rd8 12. a3 Bf8 13. Be2 Ne7 14. O-O c6
15. Rfc1 g5 16. h3 Bg7 17. b4 dxc4 18. Bxc4 Nd5 19. Nxd5 exd5 20. Bd3 a6 21. a4
Bf8 22. Rb1 Bd6 23. Nd2 Be6 24. Rcb2 Kg7 25. Kf1 h5 26. Ke2 h4 27. Rc1 a5 28.
bxa5 Ba3 29. Rcb1 Bxb2 30. Rxb2 Rdb8 31. Nb3 b6 32. Rc2 bxa5 33. Nc5 Bc8 34. e4
Rb4 35. Ke3 Rab8 36. exd5 cxd5 37. Bb5 Bf5 38. Rc3 Rb2 39. Na6 Rb7 40. Nc7 Be4
41. Ne8+ Kf8 42. f3 Bf5 43. Nc7 Rxg2 44. Nxd5 Bxh3 45. Bf1 Rh2 46. Bxh3 Rxh3
47. Ke4 Kg7 48. Kf5 Rd7 49. Nf6 Rxd4 50. Nh5+ Kh6 51. Rc8 Rxf3+ 0-1

[Event "Mercredi 2023.05.10 ABCD"]
[Site "Montreal CAN"]
[Date "2023.05.10"]
[Round "1"]
[White "Latorre, Vincent"]
[Black "Rodrigue-Lemieux, Shawn"]
[Result "0-1"]
[WhiteElo "2237"]
[BlackElo "2575"]
[PlyCount "66"]
[EventDate "2023.05.10"]
[EventType "tourn"]
[EventRounds "5"]
[EventCountry "CAN"]

1. e4 g6 2. d4 Bg7 3. Nc3 a6 4. Be3 b5 5. f3 Bb7 6. Qd2 d6 7. O-O-O Nd7 8. h4
h6 9. h5 g5 10. Nge2 e6 11. d5 Ne5 12. Nd4 Qe7 13. g3 Nf6 14. Kb1 g4 15. f4 Nf3
16. Nxf3 gxf3 17. a3 O-O 18. Bg1 c5 19. dxc6 Bxc6 20. Qe3 Rab8 21. Rh4 b4 22.
axb4 Rxb4 23. e5 Nd5 24. Nxd5 Bxd5 25. Qe1 Rfb8 26. Bd4 dxe5 27. fxe5 Rxb2+ 28.
Bxb2 Qa3 29. Kc1 Qxb2+ 30. Kd2 Rc8 31. Bd3 Bxe5 32. Rb1 Qc3+ 33. Ke3 Qc5+ 0-1

[Event "Mercredi 2023.05.10 ABCD"]
[Site "Montreal CAN"]
[Date "2023.05.17"]
[Round "2"]
[White "Rodrigue-Lemieux, Shawn"]
[Black "Adam, Rafael"]
[Result "1-0"]
[WhiteElo "2575"]
[BlackElo "2181"]
[PlyCount "57"]
[EventDate "2023.05.10"]
[EventType "tourn"]
[EventRounds "5"]
[EventCountry "CAN"]

1. e4 e5 2. f4 d5 3. exd5 exf4 4. Nf3 Nf6 5. c4 c6 6. d4 cxd5 7. c5 b6 8. b4 a5
9. Bxf4 Bd7 10. Nc3 axb4 11. Nb5 Na6 12. c6 Bxc6 13. Rc1 Bd7 14. Bd3 b3 15. O-O
Rc8 16. Qe2+ Be6 17. Na7 Rxc1 18. Rxc1 Nc5 19. Bb5+ Nfd7 20. axb3 Qa8 21. Qa2
Be7 22. b4 O-O 23. bxc5 bxc5 24. Bc6 Qd8 25. Bxd5 Bxd5 26. Qxd5 cxd4 27. Nc6
Qe8 28. Re1 Nf6 29. Qc4 1-0

[Event "Mercredi 2023.05.10 ABCD"]
[Site "Montreal CAN"]
[Date "2023.05.24"]
[Round "3"]
[White "Rodrigue-Lemieux, Shawn"]
[Black "Batorshyn, Ilia		"]
[Result "1-0"]
[WhiteElo "2575"]
[BlackElo "2183"]
[PlyCount "125"]
[EventDate "2023.05.10"]
[EventType "tourn"]
[EventRounds "5"]
[EventCountry "CAN"]

1. h4 Nf6 2. c4 e6 3. Nc3 d5 4. d4 Be7 5. Nf3 O-O 6. Qc2 c6 7. e4 dxe4 8. Nxe4
Nbd7 9. Neg5 Bb4+ 10. Bd2 Bxd2+ 11. Qxd2 c5 12. O-O-O Qc7 13. Kb1 a6 14. Bd3
cxd4 15. Nxd4 Nc5 16. Bc2 e5 17. Nb3 Nxb3 18. axb3 b5 19. Qd3 bxc4 20. bxc4 g6
21. Qf3 Bg4 22. Qxf6 Bxd1 23. Rxd1 Qxc4 24. Qxe5 Rae8 25. Qd4 Qxd4 26. Rxd4
Re1+ 27. Bd1 Rf1 28. Rd2 Re1 29. Nf3 Re7 30. Ka2 Rb8 31. Bb3 Reb7 32. Bd5 Rb4
33. g3 Kg7 34. b3 Rd8 35. Bc4 Rxd2+ 36. Nxd2 Rb6 37. Ne4 Rc6 38. Ka3 f5 39. Nc3
Kf6 40. f4 Ke7 41. Kb4 Kd6 42. Ne2 a5+ 43. Kb5 Rc5+ 44. Ka4 Kc6 45. Nc3 Kb6 46.
Nd5+ Ka7 47. Nf6 Rc7 48. Kxa5 Re7 49. Nd5 Re1 50. Nc3 Kb7 51. Kb5 Re3 52. Ne2
Kc7 53. Kc5 Kb7 54. b4 Re7 55. b5 Rc7+ 56. Kb4 Kb6 57. Nc3 Rc8 58. Na4+ Kb7 59.
Bd5+ Kc7 60. b6+ Kd6 61. b7 Re8 62. Bh1 Kc7 63. Nc5 1-0

[Event "Mercredi 2023.05.10 ABCD"]
[Site "Montreal CAN"]
[Date "2023.05.31"]
[Round "4"]
[White "Chapdelaine, Gwyn"]
[Black "Rodrigue-Lemieux, Shawn"]
[Result "0-1"]
[WhiteElo "2115"]
[BlackElo "2575"]
[PlyCount "70"]
[EventDate "2023.05.10"]
[EventType "tourn"]
[EventRounds "5"]
[EventCountry "CAN"]

1. d4 Nf6 2. Bg5 d5 3. Bxf6 gxf6 4. g3 c5 5. dxc5 e6 6. Nd2 Bxc5 7. Nb3 Be7 8.
Bg2 a5 9. a4 Nc6 10. e3 Ne5 11. Ne2 Nc4 12. Ra2 Bd7 13. O-O Qb6 14. Nf4 O-O-O
15. Qe2 Ne5 16. Nd4 Kb8 17. Rd1 f5 18. c3 Rc8 19. Raa1 Ng6 20. Rdb1 Nxf4 21.
exf4 Bf6 22. Nf3 Rhd8 23. Ne5 Be8 24. b4 Rxc3 25. bxa5 Qxa5 26. Qb2 Rc7 27. Ra3
Ka8 28. Rb3 Rb8 29. Rb5 Qa7 30. Bf1 Rbc8 31. Rb6 Be7 32. a5 Rc2 33. Qb3 R8c3
34. a6 Rxb3 35. R1xb3 Bd8 0-1

[Event "Mercredi 2023.05.10 ABCD"]
[Site "Montreal CAN"]
[Date "2023.05.30"]
[Round "5"]
[White "Voskanyan, Vahagn"]
[Black "Rodrigue-Lemieux, Shawn"]
[Result "0-1"]
[WhiteElo "2116"]
[BlackElo "2575"]
[PlyCount "56"]
[EventDate "2023.05.10"]
[EventType "tourn"]
[EventRounds "5"]
[EventCountry "CAN"]

1. c4 e5 2. Nc3 Nf6 3. g3 c6 4. Bg2 d5 5. b3 d4 6. Ne4 Nfd7 7. d3 Be7 8. Nf3
O-O 9. O-O c5 10. Ne1 f5 11. Nd2 Nc6 12. e3 dxe3 13. fxe3 Nf6 14. Qe2 Qd6 15.
Bb2 Bd7 16. Ndf3 Rad8 17. Rd1 Be8 18. Nc2 Bh5 19. Rd2 e4 20. dxe4 Bxf3 21. Rxd6
Bxe2 22. Rxd8 Rxd8 23. Rxf5 Rd2 24. Bxf6 Bxf6 25. e5 Nxe5 26. Ne1 Rd1 27. Kf2
Bg4 28. Rf4 b6 0-1

[Event "Germain Laplante op"]
[Site "Chambly CAN"]
[Date "2023.04.28"]
[Round "1.1"]
[White "Rodrigue-Lemieux, Shawn"]
[Black "Di Matteo, Alessio"]
[Result "1-0"]
[WhiteElo "2558"]
[BlackElo "2004"]
[PlyCount "53"]
[EventDate "2023.04.28"]
[EventType "swiss"]
[EventRounds "5"]
[EventCountry "CAN"]

1. d4 Nf6 2. c4 e6 3. Nc3 Bb4 4. e3 O-O 5. a3 Bxc3+ 6. bxc3 b6 7. f3 d5 8. cxd5
exd5 9. Ra2 c5 10. g4 Nc6 11. Rg2 Re8 12. Kf2 Bb7 13. Bd3 Na5 14. Ne2 Qe7 15.
Ng3 g6 16. h4 Nc4 17. Qe2 cxd4 18. cxd4 b5 19. h5 Bc8 20. hxg6 fxg6 21. Rgh2
Rf8 22. Kg2 Qf7 23. g5 Ne8 24. f4 Ned6 25. Rxh7 Qxh7 26. Rxh7 Kxh7 27. Qh5+ 1-0

[Event "Germain Laplante op"]
[Site "Chambly CAN"]
[Date "2023.04.29"]
[Round "3.1"]
[White "Rodrigue-Lemieux, Shawn"]
[Black "Dukic, Zachary"]
[Result "1-0"]
[WhiteElo "2558"]
[BlackElo "2350"]
[PlyCount "46"]
[EventDate "2023.04.28"]
[EventType "swiss"]
[EventRounds "5"]
[EventCountry "CAN"]

1. a3 g6 2. d4 Nf6 3. Nf3 Bg7 4. e3 O-O 5. Be2 b6 6. O-O Bb7 7. b3 d6 8. Bb2
Nbd7 9. c4 Ne4 10. Qc2 e6 11. Nfd2 Nxd2 12. Nxd2 Re8 13. Bf3 Qc8 14. Bxb7 Qxb7
15. e4 e5 16. d5 Rf8 17. b4 f5 18. exf5 Rxf5 19. Ne4 Bf8 20. Rad1 Be7 21. Bc1
a5 22. Be3 axb4 23. axb4 Rff8 1-0

[Event "Germain Laplante op"]
[Site "Chambly CAN"]
[Date "2023.04.30"]
[Round "4.1"]
[White "Zheng, Richard"]
[Black "Rodrigue-Lemieux, Shawn"]
[Result "0-1"]
[WhiteElo "2223"]
[BlackElo "2558"]
[PlyCount "40"]
[EventDate "2023.04.28"]
[EventType "swiss"]
[EventRounds "5"]
[EventCountry "CAN"]

1. d4 Nf6 2. Bg5 d5 3. e3 c5 4. c3 Qb6 5. Qb3 c4 6. Qxb6 axb6 7. Nd2 Nc6 8. e4
b5 9. Bxf6 exf6 10. b3 b4 11. exd5 bxc3 12. Nxc4 Nxd4 13. O-O-O Bc5 14. a4
Nxb3+ 15. Kc2 Nd4+ 16. Kxc3 Rxa4 17. Nf3 Nb5+ 18. Kb2 Bf5 19. Ne3 Rb4+ 20. Kc1
Rb1+ 0-1

[Event "Germain Laplante op"]
[Site "Chambly CAN"]
[Date "2023.04.30"]
[Round "5.1"]
[White "Rodrigue-Lemieux, Shawn"]
[Black "Nunez-Painchaud, Raphael"]
[Result "1-0"]
[WhiteElo "2558"]
[BlackElo "2225"]
[PlyCount "79"]
[EventDate "2023.04.28"]
[EventType "swiss"]
[EventRounds "5"]
[EventCountry "CAN"]

1. d4 Nf6 2. c4 c5 3. d5 b5 4. cxb5 a6 5. bxa6 g6 6. Nc3 Bxa6 7. e4 Bxf1 8.
Kxf1 d6 9. Nf3 Nbd7 10. g3 Bg7 11. Kg2 O-O 12. a4 Qb6 13. Qe2 Rfb8 14. Ra3 Ne8
15. Nd2 Nc7 16. h4 Qa6 17. Qd1 Ne5 18. b3 Rb4 19. Na2 Nd3 20. Nxb4 cxb4 21. Ra2
Nb5 22. Rc2 Nc3 23. Qf1 f5 24. exf5 Nxd5 25. Nc4 Qb7 26. f3 Nc5 27. fxg6 Nxb3
28. gxh7+ Kh8 29. Qd3 Nd4 30. Rf2 Qc6 31. Re1 e5 32. Bb2 Nc3 33. a5 Rc8 34. Nd2
d5 35. h5 e4 36. fxe4 dxe4 37. Nxe4 Re8 38. Bxc3 bxc3 39. h6 Qxh6 40. Nd6 1-0

[Event "CAN-ch"]
[Site "Toronto CAN"]
[Date "2023.04.06"]
[Round "1.3"]
[White "Liu, Henry"]
[Black "Rodrigue-Lemieux, Shawn"]
[Result "0-1"]
[WhiteElo "2213"]
[BlackElo "2539"]
[PlyCount "58"]
[EventDate "2023.04.06"]
[EventType "swiss"]
[EventRounds "9"]
[EventCountry "CAN"]

1. d4 Nf6 2. Bf4 d5 3. e3 c5 4. dxc5 e6 5. b4 a5 6. c3 Bd7 7. Nd2 axb4 8. cxb4
Ba4 9. Qb1 b6 10. cxb6 Qxb6 11. a3 Nc6 12. Ngf3 Nh5 13. Be5 Nxe5 14. Nxe5 Bd6
15. Nd3 Nf6 16. Be2 O-O 17. O-O Ra7 18. Rc1 Bb5 19. Nb3 Rfa8 20. Qb2 Ne4 21.
Nbc5 Qb8 22. h3 Be7 23. Nb3 Bh4 24. Rf1 Nd6 25. Na5 Bxd3 26. Nc6 Qb6 27. Nxa7
Bf6 28. Qd2 Bxe2 29. Qxe2 Bxa1 0-1

[Event "CAN-ch"]
[Site "Toronto CAN"]
[Date "2023.04.07"]
[Round "2.3"]
[White "Rodrigue-Lemieux, Shawn"]
[Black "Han, Johnathan"]
[Result "1-0"]
[WhiteElo "2539"]
[BlackElo "2269"]
[PlyCount "77"]
[EventDate "2023.04.06"]
[EventType "swiss"]
[EventRounds "9"]
[EventCountry "CAN"]

1. d4 Nf6 2. c4 e6 3. Nf3 d5 4. Nc3 a6 5. cxd5 exd5 6. Bg5 Be7 7. e3 O-O 8. Bd3
Re8 9. Qc2 Nbd7 10. O-O c6 11. Rab1 h6 12. Bf4 b6 13. b4 Bb7 14. a4 a5 15. bxa5
Rxa5 16. Bf5 Ra6 17. h3 Qa8 18. Ne5 Bc8 19. Nxd7 Nxd7 20. Rfe1 Qb7 21. Bh7+ Kh8
22. Bd3 Ra8 23. e4 Nf8 24. Qb3 Ne6 25. Be3 c5 26. Bb5 cxd4 27. Bxe8 dxe3 28.
fxe3 d4 29. exd4 Nxd4 30. Qd5 Bc5 31. Kh1 Qb8 32. Bxf7 Bb7 33. Qh5 Qg3 34. Bd5
Bxd5 35. Nxd5 Rxa4 36. Qe8+ Kh7 37. Re3 Qf2 38. Qxa4 Ne6 39. Rf3 1-0

[Event "CAN-ch"]
[Site "Toronto CAN"]
[Date "2023.04.08"]
[Round "5.4"]
[White "Rodrigue-Lemieux, Shawn"]
[Black "Zhou, Aiden"]
[Result "1-0"]
[WhiteElo "2539"]
[BlackElo "2257"]
[PlyCount "77"]
[EventDate "2023.04.06"]
[EventType "swiss"]
[EventRounds "9"]
[EventCountry "CAN"]

1. e4 c6 2. d4 d5 3. exd5 cxd5 4. Bd3 Nc6 5. c3 Qc7 6. h3 g6 7. Qc2 f6 8. Be3
e5 9. Ne2 Nge7 10. Ng3 Be6 11. h4 O-O-O 12. Nd2 e4 13. Bb5 Nf5 14. Nxf5 gxf5
15. f4 Rg8 16. Nf1 Bd6 17. g3 Kb8 18. Qd2 Na5 19. b3 Rc8 20. Rc1 Ba3 21. Rc2 a6
22. Be2 Nc6 23. Bd1 b5 24. Kf2 Ka8 25. Kg2 Qd6 26. Kh2 Rg7 27. Bf2 Rgc7 28. Ne3
Na5 29. Be2 b4 30. c4 dxc4 31. d5 c3 32. Qd4 Bd7 33. Rd1 Rc5 34. Bf1 h5 35. Bh3
Bb5 36. Bxf5 Bd7 37. Bxe4 Nb7 38. Nc4 Qc7 39. Qxf6 1-0

[Event "CAN-ch"]
[Site "Toronto CAN"]
[Date "2023.04.09"]
[Round "6.3"]
[White "Barron, Michael"]
[Black "Rodrigue-Lemieux, Shawn"]
[Result "0-1"]
[WhiteElo "2244"]
[BlackElo "2539"]
[PlyCount "96"]
[EventDate "2023.04.06"]
[EventType "swiss"]
[EventRounds "9"]
[EventCountry "CAN"]

1. e4 c6 2. d4 d5 3. e5 Bf5 4. Be3 e6 5. Nd2 Nd7 6. f4 c5 7. Ngf3 Rc8 8. c4 Ne7
9. Bf2 dxc4 10. Bxc4 a6 11. a4 Nc6 12. O-O cxd4 13. Rc1 Nc5 14. Nb3 Nxa4 15.
Nbxd4 Nxb2 16. Qb3 Nxc4 17. Qxc4 Be4 18. Nxe6 Qd3 19. Nc5 Qxc4 20. Rxc4 Bxc5
21. Rxc5 O-O 22. Nd2 Bd3 23. Rfc1 Ne7 24. R1c3 Rcd8 25. Bh4 f6 26. Nf3 b6 27.
Rc7 Nd5 28. Rxd3 Nxc7 29. Rxd8 Rxd8 30. exf6 Rd1+ 31. Kf2 Nd5 32. fxg7 Nxf4 33.
Bf6 Ne6 34. Ke2 Rd5 35. g4 Nxg7 36. Bd4 b5 37. Bc3 Ne6 38. Ke3 Nc5 39. Nd4 Kf7
40. h4 Re5+ 41. Kf4 Nd3+ 42. Kf3 b4 43. Bd2 a5 44. Nc6 Rc5 45. Nd4 Ne5+ 46. Kf4
Nxg4 47. Kxg4 Rc4 48. Be3 b3 0-1

[Event "CAN-ch"]
[Site "Toronto CAN"]
[Date "2023.04.10"]
[Round "7.13"]
[White "Sambuev, Bator"]
[Black "Rodrigue-Lemieux, Shawn"]
[Result "0-1"]
[WhiteElo "2514"]
[BlackElo "2539"]
[PlyCount "70"]
[EventDate "2023.04.06"]
[EventType "swiss"]
[EventRounds "9"]
[EventCountry "CAN"]

1. d4 Nf6 2. c4 e6 3. Nc3 Bb4 4. e3 O-O 5. Bd3 d5 6. Nf3 c5 7. O-O cxd4 8. exd4
dxc4 9. Bxc4 b6 10. Qe2 Bb7 11. Rd1 h6 12. h3 Re8 13. Bf4 Nd5 14. Bd2 Nc6 15.
Bd3 Nf6 16. a3 Bf8 17. Rac1 Rc8 18. Bb5 Bd6 19. Be3 Rf8 20. Ne5 Ne7 21. Rd3 Nf5
22. Bd2 Bb8 23. Re1 a6 24. Ba4 b5 25. Bb3 Nxd4 26. Qd1 Bxe5 27. Rxe5 Qc7 28.
Bf4 Nxb3 29. Qxb3 Nd7 30. Re4 e5 31. Qd1 Bxe4 32. Rxd7 Rfd8 33. Rxd8+ Rxd8 34.
Qe2 exf4 35. Qxe4 Qd6 0-1

[Event "CAN-ch"]
[Site "Toronto CAN"]
[Date "2023.04.10"]
[Round "8.15"]
[White "Rodrigue-Lemieux, Shawn"]
[Black "Chen, Max"]
[Result "1-0"]
[WhiteElo "2539"]
[BlackElo "2345"]
[PlyCount "129"]
[EventDate "2023.04.06"]
[EventType "swiss"]
[EventRounds "9"]
[EventCountry "CAN"]

1. c4 Nf6 2. g3 e5 3. Bg2 Nc6 4. Nc3 Bc5 5. Nf3 O-O 6. O-O d5 7. cxd5 Nxd5 8.
d3 h6 9. Bd2 Re8 10. Rc1 Nxc3 11. Bxc3 Nd4 12. Nd2 c6 13. b4 Bb6 14. Nc4 Bg4
15. Re1 e4 16. Nxb6 axb6 17. Bxd4 Qxd4 18. Rc4 Qb2 19. a4 Rad8 20. Bxe4 Be6 21.
Qc2 Qa3 22. Rc3 Qxb4 23. Rb1 Qa5 24. e3 Ra8 25. h4 Red8 26. d4 Bd5 27. Bxd5
Rxd5 28. Qd3 c5 29. Rc4 cxd4 30. exd4 Rad8 31. Rcb4 Qa7 32. Rd1 R8d6 33. Qc4 g6
34. Rdb1 b5 35. axb5 Rxd4 36. b6 Rd1+ 37. Kg2 Qa8 38. Qc7 Qa6 39. Rb5 Rxb1 40.
Rxb1 Rd2 41. Qb8+ Kg7 42. Qe5+ Kh7 43. Qf6 Qa2 44. Re1 Qd5+ 45. Kg1 Rd1 46.
Rxd1 Qxd1+ 47. Kh2 Qd5 48. g4 Kg8 49. Kg3 Qe4 50. h5 gxh5 51. gxh5 Kf8 52.
Qxh6+ Kg8 53. Qg5+ Kh7 54. Qf6 Qe8 55. h6 Qg8+ 56. Kf4 Qb8+ 57. Qe5 Qf8 58.
Qg7+ Qxg7 59. hxg7 Kxg7 60. Ke5 Kg6 61. Kd6 Kf5 62. Kc7 Ke4 63. Kxb7 Kf3 64.
Kc6 f5 65. b7 1-0

[Event "CAN-ch"]
[Site "Toronto CAN"]
[Date "2023.04.11"]
[Round "9.14"]
[White "Latorre, Vincent"]
[Black "Rodrigue-Lemieux, Shawn"]
[Result "0-1"]
[WhiteElo "2200"]
[BlackElo "2539"]
[PlyCount "92"]
[EventDate "2023.04.06"]
[EventType "swiss"]
[EventRounds "9"]
[EventCountry "CAN"]

1. e4 c6 2. d4 d5 3. exd5 cxd5 4. Bd3 Nc6 5. c3 Qc7 6. h3 Nf6 7. Nf3 g6 8. Qc2
Nh5 9. Be3 Bg7 10. O-O Nf4 11. Bb5 O-O 12. Qd2 Nh5 13. Na3 a6 14. Be2 b5 15.
Nc2 Na5 16. b3 Nf6 17. Bf4 Qb6 18. Ne3 Bb7 19. Rfc1 Rac8 20. Rab1 Rfd8 21. Qe1
Nc6 22. Nc2 Ne4 23. Bd3 Qa5 24. b4 Qb6 25. Be3 Qc7 26. Bxe4 dxe4 27. Nd2 Nb8
28. Na3 f5 29. c4 f4 30. cxb5 Qd6 31. Ndc4 Qf6 32. Bd2 axb5 33. Ne5 Qg5 34.
Rxc8 Rxc8 35. Qe2 Bxe5 36. Qxb5 e3 37. Qxb7 Rd8 38. dxe5 exd2 39. Rd1 Qxe5 40.
Qf3 Rc8 41. Nc2 Rc3 42. Qg4 Rxc2 43. Kh2 f3+ 44. g3 Qe2 45. Qd4 Nc6 46. Qe3
Qxe3 0-1